000 01210nam a22002537a 4500
005 20081017115215.0
008 081017t xxu||||| |||| 00| e hin d
010 _aHIN-84449
020 _a9788179751749
_c500.00
035 _aHN-56795
037 _bDBAD / PUB
040 _aDPL
_bHN
082 _a824
100 _aकपूर, मस्तराम
245 _aनैतिक लोकतंत्र की तलाश /
_cमस्तराम कपूर
246 _aNaitika loktantra kii talaasha
_bby Mastram Kapoor
260 _aनई दिल्ली
_bअनामिका पब्लिशर्स एंड डिस्ट्री
_c2008
270 _a4697/3, अंसारी रोड, दरियागंज
_bनई दिल्ली
_e110002
_k23281655, 23270239
_l011 27868035
_manamikapublishers@yahoo.com.in
300 _a432पृ
_c22सेमी (सजिल्द)
650 _aहिन्दी निबंध
650 _aHindi essays
942 _2ddc
_cHN
_mकपूर
_h824
999 _c16846
_d16846